000 00546nam a2200181Ia 4500
008 090124s9999 xx 000 0 und d
082 _b131371
100 _aखांडेकर वि.स.
245 _a रिकामा देव्हारा
250 _a8
260 _c2001
300 _a124
600 _aखांडेकर वि.स.
630 _a रिकामा देव्हारा
700 _aखांडेकर वि.स.
730 _a रिकामा देव्हारा
942 _cBOOK
999 _c177460
_d177460